|
|
|
|
| LEADER |
00779pam a22002058a 4500 |
| 001 |
00015608 |
| 005 |
20171026081022.0 |
| 008 |
110329s1980 ||||||Viesd |
| 041 |
|
|
|a Vie
|
| 082 |
1 |
4 |
|a 959.703 092
|b B101H
|
| 100 |
0 |
# |
|a Hồng Hà
|
| 245 |
0 |
0 |
|a Bác Hồ trên đất nước Lê - nin
|c Hồng Hà
|
| 260 |
# |
# |
|a H.
|b Thanh niên
|c 1980
|
| 300 |
# |
# |
|a 326 tr.
|c 20 cm.
|
| 653 |
# |
# |
|a Hồ Chí Minh
|a Liên Xô
|a tiểu sữ
|
| 852 |
# |
# |
|b Kho mượn
|j KM.0000946, KM.0000945, KM.0000944, KM.0000943, KM.0001605
|
| 852 |
# |
# |
|b Kho đọc
|j KD.0001027
|
| 852 |
# |
# |
|j KM.0000946
|j KM.0000945
|j KM.0000944
|j KM.0001605
|j KM.0000943
|j KD.0001027
|
| 910 |
|
|
|d 29/03/2011
|
| 980 |
# |
# |
|a Trung tâm Học liệu Lê Vũ Hùng, Trường Đại học Đồng Tháp
|